000
00188 a2200085 4500
020
_a
978-8957705117
100
_a
Kyung-il I
245
_a
A-Detail architecture Vol-2
260
_b
Archi
_c
2014
999
_c
11130
_d
11130